000 00707nam a2200241Ia 4500
005 20260430150358.0
008 008 250103s9999 xx 000 0 eng d
037 _aTheses
040 _aCRL
040 _beng
040 _ceng
041 _2eng
041 _aeng
084 _qCRL
100 _aNeetu Au.; Chakraborty Amitava Gu.; Saxena Ranjana Gu.
_91237314
245 0 _aNostalgia for The Soviet Past in Contemporary Russian Literature: A Study of Selected Post Soviet Novels
260 _c2023
300 _a220p.
650 _aArts
700 _aUniversity of Delhi. Faculty of Arts. Deptt. of Slavonic & Finno- Ugrian Studies
_91237315
942 _cTH
999 _c1849641
_d1849641